| 000 | 00648nam a2200217Ii 4500 | ||
|---|---|---|---|
| 003 | JO-AjNU | ||
| 008 | 230606s9999||||xx |||||||||||||| ||und|| | ||
| 020 | _a978-81-7446-583-2 | ||
| 040 |
_aJO-AjNU _beng _erda _cJO-AjNU |
||
| 041 | _aeng | ||
| 050 | 1 | 4 | _aHG195 2007 |
| 100 | 3 |
_aEdited: Nandagopal,R / Srividya,V, _eauthor _91362 |
|
| 245 | 0 | 0 | _aEmerging Financial Markets |
| 250 | _a1 ed | ||
| 264 | 3 | 1 | _aNew Delhi: Excel Books, 2007 |
| 300 |
_a300p _bIncludes references (259-260) |
||
| 336 |
_atext _btxt _2rdacontent |
||
| 337 |
_aunmediated _bn _2rdamedia |
||
| 338 |
_avolume _bnc _2rdacarrier |
||
| 650 | 4 |
_aEmerging Financial Markets _91363 |
|
| 999 |
_aE719 _c719 _d719 |
||